| 000 | 01496nam a2200385 a 4500 | ||
|---|---|---|---|
| 001 | ebr2001157 | ||
| 003 | CaPaEBR | ||
| 006 | m u | ||
| 007 | cr cn||||||||| | ||
| 008 | 020701s2000 enkb s 000 0 eng | ||
| 015 | _aGBA2-42835 | ||
| 016 | 7 |
_a074531418x _2Uk |
|
| 020 | _z074531418X | ||
| 040 |
_aCaPaEBR _cCaPaEBR |
||
| 035 | _a(OCoLC)51002515 | ||
| 050 | 1 | 4 |
_aGT4046.A2 _bB78 2000eb |
| 082 | 0 | 4 |
_a394.5 _221 |
| 100 | 1 | _aBryan, Dominic. | |
| 245 | 1 | 0 |
_aOrange parades _h[electronic resource] : _bthe politics of ritual, tradition, and control / _cDominic Bryan. |
| 260 |
_aLondon : _bPluto Press, _c2000. |
||
| 300 |
_axii, 212 p. : _bmaps. |
||
| 490 | 1 | _aAnthropology, culture, and society | |
| 533 |
_aElectronic reproduction. _bPalo Alto, Calif. : _cebrary, _d2013. _nAvailable via World Wide Web. _nAccess may be limited to ebrary affiliated libraries. |
||
| 610 | 2 | 0 |
_aOrange Order _xHistory. |
| 650 | 0 |
_aParades _zNorthern Ireland _xHistory. |
|
| 650 | 0 |
_aSocial control _zNorthern Ireland. |
|
| 650 | 0 |
_aSocial classes _zNorthern Ireland. |
|
| 650 | 0 |
_aNationalism _zNorthern Ireland. |
|
| 650 | 0 |
_aPolitical customs and rites _zNorthern Ireland. |
|
| 651 | 0 |
_aNorthern Ireland _xPolitics and government. |
|
| 655 | 7 |
_aElectronic books. _2local |
|
| 710 | 2 | _aebrary, Inc. | |
| 830 | 0 | _aAnthropology, culture, and society. | |
| 856 | 4 | 0 |
_uhttp://site.ebrary.com/lib/rucke/Doc?id=2001157 _zAn electronic book accessible through the World Wide Web; click to view |
| 999 |
_c230041 _d230041 |
||